Loading...
| Current Events | 3 | 30.00 | 100% | 100% | 100% |
| Fine Arts - Classical Music | 6 | 15.00 | 100% | 50% | 0% |
| Fine Arts - Other Fine Arts | 5 | 10.00 | 100% | 0% | 0% |
| Geography | 2 | 25.00 | 100% | 100% | 50% |
| History - American History | 8 | 20.00 | 100% | 63% | 38% |
| History - European History | 5 | 22.00 | 100% | 60% | 60% |
| History - Other History | 5 | 26.00 | 100% | 100% | 60% |
| History - World History | 6 | 25.00 | 100% | 100% | 50% |
| Literature - American Literature | 5 | 10.00 | 80% | 20% | 0% |
| Literature - British Literature | 7 | 10.00 | 57% | 43% | 0% |
| Literature - European Literature | 7 | 17.14 | 100% | 71% | 0% |
| Literature - World Literature | 7 | 18.57 | 100% | 71% | 14% |
| Mythology | 9 | 27.78 | 89% | 100% | 89% |
| Painting/Sculpture | 9 | 16.67 | 100% | 56% | 11% |
| Philosophy | 2 | 25.00 | 100% | 100% | 50% |
| Pop Culture | 2 | 30.00 | 100% | 100% | 100% |
| Popular Culture | 1 | 10.00 | 100% | 0% | 0% |
| Religion | 9 | 25.56 | 100% | 100% | 56% |
| Science - Biology | 5 | 18.00 | 100% | 60% | 20% |
| Science - Chemistry | 7 | 22.86 | 100% | 100% | 29% |
| Science - Other Science | 7 | 20.00 | 100% | 71% | 29% |
| Science - Physics | 3 | 26.67 | 100% | 100% | 67% |
| Social Science | 4 | 22.50 | 100% | 100% | 25% |